000 00940nam a22002417a 4500
999 _c64064
_d64064
005 20240530110712.0
008 180212s2015 ua g b 000 0 ara d
017 _a19322
_bمصر. دار الكتب
020 _a9789773833199
040 _aEG-CaGPL
_cEG-CaGPL
082 0 4 _221
_a940.1 /
_bم م
100 0 _aمحمد مصطفى الغوج
245 1 0 _aموضوعات فى التاريخ الاوربى الوسيط .
_nالجزء الثانى /
_cتاليف محمد مصطفى الغوج
250 _aط. 1
260 _aالقاهرة :
_bايتراك للطباعة و النشر و التوزيع ،
_c2015.
300 _a150 ص. ؛
_c24 سم.
504 _aيشتمل على ارجاعات ببليوجرافية
650 _2qrmak
651 0 7 _2qrmak
_aاوربا
_xتاريخ
651 0 7 _2qrmak
_aاوربا
_xتاريخ
_yالعصور الوسطى
942 _2ddc
_cBK